Wrong Sentences - Statistics

General Stats
  • This quiz has been taken 44 times
  • The average score is 9 of 10
Answer Stats
Sentence New Word % Correct
I herd them say it. Heard
100%
I also red about it. Read
100%
I like to reed books. Read
100%
Their talking about food. They're
98%
I did that to. Too
98%
You're friend is interesting. Your
98%
They like to right. Write
95%
They didn't site sources. Cite
88%
I was never cot. Caught
80%
They plagarized. Plagiarized
55%
No matching quizzes found
Score Distribution
Percent of People with Each Score
Percentile by Number Answered
Your Score History
You have not taken this quiz